000 00314 a2200157 4500
001 60149
020 _a
040 _cAnchieta - Pituba
100 _aPaulino, Graça
240 1 0 _aLiteratura
_lpor
245 1 0 _aLiteratura
300 _a267
362 0 _a1988
650 4 _aLiteratura brasileira
942 _cBK
999 _c60149
_d60149